Tecnologia e justiȧ multiportas

Detalles Bibliográficos
Autor principal: Navarro Xavier Cabral, Trc̕ia
Otros Autores: Fux, Luiz, ℓvila, Henrique
Formato: eBook
Lenguaje:portugués
Publicado: Indaiatuba: Editora Foco, 2021
Materias:
Acceso en línea:Acceso restringido

MARC

LEADER 00000nam a22000007a 4500
005 2021122101291.0
007 cr|||| ||||
008 211221s2021 br |||||s|||| 00||0 por d
020 |a 978-65-5515-176-3 
035 |a 35512 
040 |a vLex 
090 |c 12756  |d 12756 
100 1 |a Navarro Xavier Cabral, Trc̕ia 
245 1 0 |a Tecnologia e justiȧ multiportas  |h [Recurso electrn̤ico] /  |c Trc̕ia Navarro Xavier Cabral, Luiz Fux, Henrique ℓvila 
256 |a Servicio en ln̕ea 
260 |a Indaiatuba:  |b Editora Foco,  |c 2021 
300 |a 1 recurso electrn̤ico 
500 |a De fato, vivemos na era dos smartphones, das redes sociais, da comunicaȯ̂ instantńea, do fluxo intenso e massificado de informaė̳s e do processamento de um volume antes inimaginv̀el de dados. Trata-se de ferramentas valiosas para o aprimoramento da eficin̊cia, da efetividade e da transparn̊cia das instituiė̳s. Essas tecnologias, ademais, qualificam-se pela atualizaȯ̂ e pelo avanȯ contn̕uos, o que exige capacidade de rp̀ida adaptaȯ̂. Um mundo digital exige uma Justiȧ digital. O cenr̀io futuro mostra-se cada vez mais desafiador, tendo em vista a existn̊cia de diversas tecnologias consideradas disruptivas: Intelign̊cia Artificial, Computaȯ̂ em Nuvem, Big Data, Internet das Coisas (IoT), Blockchain, Internet 5G, Smart Contracts, dentre vr̀ias outras. Embora desafiadoras, essas ferramentas tm̊ se mostrado importantes instrumentos de inovaȯ̂ e aprimoramento das atividades jurd̕icas, cujas tecnologias se tornam, sucessivamente, mais sofisticadas e consolidadas. Mais do que ferramentas auxiliares dos tradicionais processos de trabalho do Poder Judicir̀io, essas tecnologias sô verdadeiros instrumentos de transformaȯ̂ digital. Elas impulsionam a substituiȯ̂ das antigas tecnologias judiciais por novas formas de funcionamento da Justiȧ, mais alinhadas s̉ demandas da sociedade do sčulo XXI por eficin̊cia, transparn̊cia, responsabilidade, celeridade, dinamismo, flexibilidade, acesso igualitr̀io e tratamento isonm̥ico. (...) A tecnologia deve alcanȧr os meios autocompositivos, servindo ao reforȯ do sistema multiportas de soluȯ̂ de controvřsias e ̉efetividade dos preceitos de nosso ordenamento que preconizam a autocomposiȯ̂. A inovaȯ̂ tecnolg̤ica precisa ser colocada a serviȯ da almejada transiȯ̂ da cultura do conflito para a cultura da pacificaȯ̂. (...) Estamos avanȧndo na associaȯ̂ entre tecnologia e Justiȧ multiportas. Nô obstante, muito h ̀ainda a ser feito. É nesse contexto de avanȯs e desafios que ̌lanȧda a presente obra coletiva, a qual brinda a comunidade jurd̕ica com textos elaborados por ministros, juristas, professores e atores do sistema de Justiȧ acerca da relaȯ̂ entre direito e tecnologia, especificamente no que tange ao emprego dessa na concretizaȯ̂ da Justiȧ multiportas, a suas repercusse̳s prt̀icas e a seus desdobramentos ťicos. Sem dv︢ida, uma leitura obrigatr̤ia para todos que se interessam por tais temt̀icas. Parabenizo todos os envolvidos na realizaȯ̂ desta obra, em especial aos ilustres organizadores e autores. Estou certo de que esta publicaȯ̂ muito contribuir ̀para o aprimoramento da Justiȧ brasileira, para o fomento da cultura da pacificaȯ̂ e para a construȯ̂ de um Judicir̀io cada vez mais democrt̀ico, cľere e eficiente, premissa da sociedade livre, justa, solidr̀ia e pacf̕ica preconizada na Constituiȯ̂ de 1988. 
506 1 |a Disponible solo en los productos indicados  |d vLex Global  |d vLex Global (Academic Edition, excluding Law Schools)  |d vLex Global (U.S. Academic Edition, Law Schools)  |d vLex Global (U.S. Academic Edition, excluding Law Schools)  |d vLex Global (Academic Edition, Law Schools) 
650 0 4 |a Derecho de las Nuevas Tecnologa̕s  |z Brasil 
700 1 |a Fux, Luiz 
700 1 |a ℓvila, Henrique 
740 0 |a vLex Libros (Servicio en ln̕ea) 
856 4 0 |u https://app.vlex.com/#/sources/35512  |z Acceso restringido 
942 |c BOOK 
999 0 |a New Technologies Law